Readings in comparative public administration /

Bibliographic Details
Main Author: Raphaeli, Nimrod
Format: Book
Language:English
Published: Boston : Allyn and Bacon, [1967]
Subjects:

MARC

Tag First Indicator Second Indicator Subfields
LEADER 00000cam a2200000 a 4500
001 in00000085719
005 20151008053252.0
008 720323s1967 mau b 00010 engm
010 |a  67013540  
035 |a (OCoLC)00269834 
035 |9 AAH6865AM 
040 |a DLC  |c WBU  |d OCL  |d SER  |d TXA  |d UtOrBLW 
049 |a TXAM  |c [1197057] 
050 0 0 |a JF1351  |b  R3 
082 0 |a 350/.0008 
100 1 |a Raphaeli, Nimrod. 
245 1 0 |a Readings in comparative public administration /  |c edited by Nimrod Raphaeli. 
264 1 |a Boston :  |b Allyn and Bacon,  |c [1967] 
264 4 |c ©1967 
300 |a xii, 490 pages ;  |c 22 cm. 
336 |a text  |b txt  |2 rdacontent 
337 |a unmediated  |b n  |2 rdamedia 
338 |a volume  |b nc  |2 rdacarrier 
504 |a Bibliography: pages 473-490. 
650 0 |a Public administration. 
999 |a MARS 
999 f f |s f97f6697-770b-31c7-8c76-1e07eae50133  |i eb8b069a-4135-3498-822c-9bea7caf222d  |t 0 
952 f f |p ric  |a Texas A&M University  |b Rellis Campus  |c Joint Library Facility  |d Remote Storage  |t 0  |e JF1351 R3  |h Library of Congress classification  |i unmediated -- volume  |m A14805956465 
998 f f |a JF1351 R3  |t 0  |l Remote Storage